Name Every Character in My Little Pony: Friendship is Magic - Statistics

General Stats
  • This quiz has been taken 10 times
  • The average score is 69 of 172
Answer Stats
Answer % Correct
Applejack
100%
Fluttershy
100%
Pinkie Pie
100%
Princess Celestia
100%
Rainbow Dash
100%
Rarity
100%
Twilight Sparkle
100%
Princess Luna
86%
Spike
86%
Photo Finish
71%
Apple Bloom
57%
Big Macintosh
57%
Bon Bon
57%
Cheese Sandwich
57%
Cranky Doodle
57%
Diamond Tiara
57%
Discord
57%
Fancy Pants
57%
Flurry Heart
57%
Gabby
57%
Granny Smith
57%
Lyra Heartstrings
57%
Matilda
57%
Mr Cake
57%
Mrs Cake
57%
Nightmare Moon
57%
Pear Butter
57%
Pipsqueak
57%
Pound Cake
57%
Pumpkin Cake
57%
Queen Chrysalis
57%
Scootaloo
57%
Shining Armor
57%
Silver Spoon
57%
Snails
57%
Snips
57%
Starlight Glimmer
57%
Sugar Belle
57%
Sunset Shimmer
57%
Sweetie Belle
57%
Trixie
57%
Twist
57%
Ahuizotl
43%
Auntie Applesauce
43%
Aunt Orange
43%
Babs Seed
43%
Bright Mac
43%
Cheerilee
43%
Coconut Cream
43%
Coco Pommel
43%
Coloratura
43%
Daring Do
43%
Double Diamond
43%
Dr Hooves
43%
Ember
43%
Featherweight
43%
Filthy Rich
43%
Flam
43%
Flash Magnus
43%
Flash Sentry
43%
Fleetfoot
43%
Flim
43%
Gallus
43%
Garble
43%
Gilda
43%
Goldie Delicious
43%
Hoity Toity
43%
Lord Tirek
43%
Luster Dawn
43%
Mage Meadowbrook
43%
Maud Pie
43%
Mayor Mare
43%
Mistmane
43%
Night Light
43%
Ocellus
43%
Octavia Melody
43%
Party Favor
43%
Prim Hemline
43%
Rockhoof
43%
Rumble
43%
Sandbar
43%
Sapphire Shores
43%
Sassy Saddles
43%
Silverstream
43%
Smolder
43%
Soarin
43%
Somnambula
43%
Spitfire
43%
Spoiled Rich
43%
Star Swirl
43%
Storm King
43%
Stygian
43%
Thorax
43%
Toola Roola
43%
Tree Hugger
43%
Trenderhoof
43%
Twilight Velvet
43%
Uncle Orange
43%
Yona
43%
Zecora
43%
Aloe
29%
Apple Bumpkin
29%
Apple Cider
29%
Apple Cinnamon
29%
Apple Rose
29%
Apple Strudel
29%
Berryshine
29%
Bulk Biceps
29%
Cherry Berry
29%
Cherry Jubilee
29%
Clear Sky
29%
Cloudy Quartz
29%
Cookie Crumbles
29%
Cozy Glow
29%
Dr Caballeron
29%
Fleur De Lis
29%
Golden Harvest
29%
Hayseed Turnip Truck
29%
Hondo Flanks
29%
Igneous Rock Pie
29%
Iron Will
29%
Jet Set
29%
Joe
29%
Lightning Dust
29%
Limestone Pie
29%
Lotus
29%
Mane Allgood
29%
Marble Pie
29%
Moon Dancer
29%
Mr Shy
29%
Mrs Shy
29%
Mudbriar
29%
Night Glider
29%
Noteworthy
29%
Prince Blueblood
29%
Roseluck
29%
Silver Shill
29%
Snap Shutter
29%
Steven Magnet
29%
Sunburst
29%
Suri Polomare
29%
Svengallop
29%
Tender Taps
29%
Upper Crust
29%
Vapor Trail
29%
Zesty Gourmand
29%
Apple Cobbler
14%
Apple Dumpling
14%
Aunt Holiday
14%
Auntie Lofty
14%
Braeburn
14%
Candy Apples
14%
Coriander Cumin
14%
Dance Fever
14%
Dr Fauna
14%
Florina Tart
14%
Grogar
14%
Half Baked Apple
14%
Jeff Letroski
14%
King Sombra
14%
Lilac Links
14%
Lily Valley
14%
Lucky Clover
14%
Mr Breezy
14%
Ms Harshwinny
14%
Perfect Pie
14%
Saffron Masala
14%
Songbird Serenade
14%
Trouble Shoes
14%
Wensley
14%
Wind Sprint
14%
Zephyr Breeze
14%
No matching quizzes found
Score Distribution
Percent of People with Each Score
Percentile by Number Answered
Your Score History
You have not taken this quiz